00374nam a22000977a 4500082001200000100002100012245011000033260004100143650002400184700006800208 a200 THE aFaisal Shahzad,  aTH-SOF-1198-AutoDrop: Automatic DDoS Detection and its Mitigation with combination of sFlow and OpenFlow  aIslamabadbNUST College of EMEc2016 aMS-CSE-11 MSTHESIS aSupervison Dr. Shoab A. Khan Co-Supervisor Dr. Muazzam A. Khan